[Event "HUN-chT2 Asztalos 1617"]
[Site "Hungary"]
[Date "2016.11.27"]
[Round "5.12"]
[White "Tombor, Mate"]
[Black "Karasz, Nimrod"]
[Result "0-1"]
[WhiteElo "1427"]
[BlackElo "1048"]
[PlyCount "130"]
[EventDate "2016.09.25"]
[EventType "team-tourn"]
[EventRounds "11"]
[EventCountry "HUN"]
[SourceTitle "EXT 2021"]
[Source "ChessBase"]
[SourceDate "2020.10.23"]
[SourceVersion "1"]
[SourceVersionDate "2020.10.23"]
[SourceQuality "1"]
[WhiteTeam "Marcali"]
[BlackTeam "Balatonfuered"]
[WhiteTeamCountry "HUN"]
[BlackTeamCountry "HUN"]

1. e4 e5 2. Nc3 Nf6 3. g3 d5 4. exd5 Nxd5 5. Bg2 Nxc3 6. bxc3 Nc6 7. Ne2 Bc5 8. Bb2 0-0 9. d4 Bb6 10. 0-0 Qd6 11. f4 Bg4 12. fxe5 Qxe5 13. Rf2 Qb5 14. Ba3 Rfe8 15. Bf1 Qc4 16. Bb2 Qe6 17. a4 Na5 18. Kh1 Nc4 19. Bc1 Ne3 20. Bxe3 Qxe3 21. Qe1 Ba5 22. Ra3 Re6 23. h3 Bf3+ 24. Kh2 Rae8 25. Rb3 Bxe2 26. Bxe2 Qxe2 27. Qxe2 Rxe2 28. Rxe2 Rxe2+ 29. Kg1 Re8 30. Rxb7 Bb6 31. Kf2 a5 32. Kf3 Kf8 33. c4 Bxd4 34. Rxc7 Re3+ 35. Kf4 Rc3 36. Ke4 Bf2 37. Kd5 Bxg3 38. Rc8+ Ke7 39. Rc5 Rf3 40. Kc6 Bd6 41. Rxa5 Rf6 42. Ra7+ Ke6 43. c5 Bg3 44. Kb5 h5 45. Ra6+ Kd7 46. c6+ Kc7 47. Ra7+ Kb8 48. Rb7+ Kc8 49. a5 Rf5+ 50. Ka6 Bf2 51. Rb5 Rxb5 52. Kxb5 Kc7 53. c4 Ba7 54. Ka6 Bd4 55. Kb5 Kc8 56. c5 Be5 57. a6 Bb8 58. Kb6 f5 59. h4 f4 60. c7 Bxc7+ 61. Ka7 Bb8+ 62. Ka8 f3 63. c6 f2 64. c7 Kxc7 65. a7 Bxa7 0-1